New exhibition stands.
| Main Author: | |
|---|---|
| Format: | Book |
| Published: |
Singapore:
Page One Publishing,
2006.
|
| Subjects: |
| LEADER | 00417cam a2200145 7i4500 | ||
|---|---|---|---|
| 001 | 0000019061 | ||
| 005 | 20070327090000.0 | ||
| 020 | 0 | 0 | |a 981-245-134-X |
| 090 | 0 | 0 | |a DE 725.2 |b MOS |
| 100 | 1 | 0 | |a Mostaedi |
| 245 | 2 | 0 | |a New exhibition stands. |
| 260 | 0 | 0 | |a Singapore: |b Page One Publishing, |c 2006. |
| 300 | # | # | |a 179 p. |
| 650 | 0 | 0 | |a Exhibitstands -- |x Design and construction |
| 999 | |a B000019670 |b Book |c Designs |e Business Information Centre | ||


